Movimiento obrero, política y literatura en la España contemporánea / (Record no. 108947)

MARC details
000 -LEADER
campo de control de longitud fija 01348nam a2200289 4500
001 - NÚMERO DE CONTROL
campo de control 108947
003 - IDENTIFICADOR DE NÚMERO DE CONTROL
campo de control ES-MaACL
005 - FECHA Y HORA DE LA ÚLTIMA TRANSACCIÓN
campo de control 20250910212613.0
007 - CAMPO FIJO DE DESCRIPCIÓN FÍSICA--INFORMACIÓN GENERAL
campo de control de longitud fija t|
008 - DATOS DE LONGITUD FIJA--INFORMACIÓN GENERAL
campo de control de longitud fija 061121s1974 sp r ||||1| spa d
020 ## - NÚMERO INTERNACIONAL ESTÁNDAR DEL LIBRO
Número Internacional Estándar del Libro 84-229-4017-5
110 2# - ENTRADA PRINCIPAL--NOMBRE DE ENTIDAD CORPORATIVA
Nombre de entidad corporativa o nombre de jurisdicción como elemento de entrada Université de Pau et des pays de l'Adour.
Unidad subordinada Seminaire d'études des XIXéme et XXéme siécles.
-- Colloque (
Número del congreso/reunión o número de parte o sección 4º.
Fecha del congreso o de la firma del tratado 1973.
Sede del congreso/Lugar de la reunión Pau)
9 (RLIN) 171769
245 10 - MENCIÓN DEL TÍTULO
Título Movimiento obrero, política y literatura en la España contemporánea /
Mención de responsabilidad, etc. Universidad de Pau, IV Coloquio del Seminario de Estudios de los Siglos XIX y XX ; edición a cargo de Manuel Tuñón de Lara y Jean-François Botrel.
260 ## - PUBLICACIÓN, DISTRIBUCIÓN, ETC.
Lugar de publicación, distribución, etc. Madrid :
Nombre del editor, distribuidor, etc. Cuadernos para el Diálogo,
Fecha de publicación, distribución, etc. 1974.
300 ## - DESCRIPCIÓN FÍSICA
Extensión 252 p. ;
Dimensiones 21 cm.
490 1# - MENCIÓN DE SERIE
Mención de serie Colección I.T.S. [Instituto de Técnicas Sociales]
650 04 - PUNTO DE ACCESO ADICIONAL DE MATERIA--TÉRMINO DE MATERIA
Término de materia o nombre geográfico como elemento de entrada Movimiento obrero-
Subdivisión geográfica España-
Subdivisión cronológica S.XIX.
9 (RLIN) 15215
650 #4 - PUNTO DE ACCESO ADICIONAL DE MATERIA--TÉRMINO DE MATERIA
Término de materia o nombre geográfico como elemento de entrada Movimiento obrero-
Subdivisión geográfica España-
Subdivisión cronológica S.XX-
Subdivisión de forma Congresos y asambleas.
9 (RLIN) 162328
651 #4 - PUNTO DE ACCESO ADICIONAL DE MATERIA--NOMBRE GEOGRÁFICO
Nombre geográfico España-
Subdivisión general Civilización-
Subdivisión cronológica S.XIX.
9 (RLIN) 162600
651 #0 - PUNTO DE ACCESO ADICIONAL DE MATERIA--NOMBRE GEOGRÁFICO
Nombre geográfico España-
Subdivisión general Civilización-
Subdivisión cronológica S.XX.
9 (RLIN) 8171
700 0# - ENTRADA AGREGADA--NOMBRE PERSONAL
Nombre de persona Tuñón de Lara, Manuel,
Fechas asociadas al nombre 1915-1997
9 (RLIN) 111681
700 1# - ENTRADA AGREGADA--NOMBRE PERSONAL
Nombre de persona Botrel, Jean-François.
9 (RLIN) 30790
710 2# - ENTRADA AGREGADA--NOMBRE DE ENTIDAD CORPORATIVA
Nombre de entidad corporativa o nombre de jurisdicción como elemento de entrada Cuadernos para el Diálogo.
9 (RLIN) 3333
830 1# - PUNTO DE ACCESO ADICIONAL DE SERIE-TÍTULO UNIFORME
Título uniforme Colección I.T.S. [Instituto de Técnicas Sociales]
9 (RLIN) 179830
852 ## - LOCALIZACIÓN
Ubicación ES-MaACL
Número de control de estantería E-8363
Holdings
Estatus retirado Estado de pérdida Estado de daño No para préstamo Biblioteca de origen Biblioteca actual Ubicación en estantería Fecha de adquisición Fuente de adquisición Total de préstamos Signatura topográfica completa Código de barras Visto por última vez Precio de reemplazo Tipo de ítem Koha
        Biblioteca del Ateneo de Madrid Biblioteca del Ateneo de Madrid Depósito 2 17/01/2008     E-8363 1113679 23/02/2023 23/02/2023 Libro impreso